Pokemon commençant par la lettre Z - Gen 1 à 9 - Statistiques

Statistiques générales
  • Ce quiz a été pris 45 fois
  • Le résultat moyen est 10 sur 14
Statistiques - réponses
Réponse % Correct
Zygarde
84%
Zacian
81%
Zamazenta
78%
Zoroark
78%
Zorua
78%
Zigzaton
76%
Zarbi
73%
Zébibron
68%
Zarude
65%
Zéblitz
65%
Zapétrel
62%
Zekrom
62%
Zeraora
46%
Zéroid
41%
Aucun quiz correspondant
Distribution des résultats
% des personnes avec chaque résultat
Percentile par nombre de réponses
Votre historique - résultats
Vous n’avez pas pris ce quiz